Uganda Immigration by Country - Statistics

General Stats
  • This quiz has been taken 164 times
  • The average score is 12 of 14
Answer Stats
Immigrants Country % Correct
298,749 Democratic Republic of the Congo
99%
108,638 Rwanda
94%
61,501 Kenya
93%
903,199 South Sudan
92%
64,092 Burundi
91%
35,789 Tanzania
90%
90,652 Sudan
89%
1,512 Ethiopia
88%
40,404 Somalia
85%
1,754 United Kingdom
82%
1,404 United States
76%
4,988 Eritrea
75%
5,745 India
66%
976 Pakistan
43%
No matching quizzes found
Score Distribution
Percent of People with Each Score
Percentile by Number Answered
Your Score History
You have not taken this quiz